Principles of analytical system dynamics / (Record no. 532570)

000 -LEADER
fixed length control field 01364cam a2200337 a 4500
001 - CONTROL NUMBER
control field 3073169
003 - CONTROL NUMBER IDENTIFIER
control field NUST
005 - DATE AND TIME OF LATEST TRANSACTION
control field 20191125162101.0
008 - FIXED-LENGTH DATA ELEMENTS--GENERAL INFORMATION
fixed length control field 971105s1998 nyua 001 0 eng
010 ## - LIBRARY OF CONGRESS CONTROL NUMBER
LC control number 97045237
020 ## - INTERNATIONAL STANDARD BOOK NUMBER
International Standard Book Number 0387984054 (hardcover : alk. paper)
038 ## - RECORD CONTENT LICENSOR
Staff Name MSOHAIL
040 ## - CATALOGING SOURCE
Original cataloging agency DLC
Transcribing agency DLC
Modifying agency DLC
050 00 - LIBRARY OF CONGRESS CALL NUMBER
Classification number QA845
Item number .L34 1998
082 00 - DEWEY DECIMAL CLASSIFICATION NUMBER
Classification number 620.001185
Edition number 21
100 1# - MAIN ENTRY--PERSONAL NAME
Personal name Layton, Richard A.
Titles and words associated with a name (Mechanical engineer)
9 (RLIN) 26162
245 10 - TITLE STATEMENT
Title Principles of analytical system dynamics /
Statement of responsibility, etc. Richard A. Layton.
260 ## - PUBLICATION, DISTRIBUTION, ETC.
Place of publication, distribution, etc. New York :
Name of publisher, distributor, etc. Springer,
Date of publication, distribution, etc. c1998.
300 ## - PHYSICAL DESCRIPTION
Extent xiii, 155 p. :
Other physical details ill. ;
Dimensions 24 cm.
490 1# - SERIES STATEMENT
Series statement Mechanical engineering series
504 ## - BIBLIOGRAPHY, ETC. NOTE
Bibliography, etc. note Includes bibliographical references (p. 147-150) and index.
650 #0 - SUBJECT ADDED ENTRY--TOPICAL TERM
Topical term or geographic name entry element Dynamics.
9 (RLIN) 7202
650 #0 - SUBJECT ADDED ENTRY--TOPICAL TERM
Topical term or geographic name entry element System analysis.
9 (RLIN) 2233
650 #0 - SUBJECT ADDED ENTRY--TOPICAL TERM
Topical term or geographic name entry element Differential-algebraic equations.
9 (RLIN) 26163
830 #0 - SERIES ADDED ENTRY--UNIFORM TITLE
Uniform title Mechanical engineering series (Berlin, Germany)
9 (RLIN) 26164
856 42 - ELECTRONIC LOCATION AND ACCESS
Materials specified Publisher description
Uniform Resource Identifier <a href="http://www.loc.gov/catdir/enhancements/fy0815/97045237-d.html">http://www.loc.gov/catdir/enhancements/fy0815/97045237-d.html</a>
856 41 - ELECTRONIC LOCATION AND ACCESS
Materials specified Table of contents only
Uniform Resource Identifier <a href="http://www.loc.gov/catdir/enhancements/fy0815/97045237-t.html">http://www.loc.gov/catdir/enhancements/fy0815/97045237-t.html</a>
906 ## - LOCAL DATA ELEMENT F, LDF (RLIN)
a 7
b cbc
c orignew
d 1
e ocip
f 19
g y-gencatlg
942 ## - ADDED ENTRY ELEMENTS (KOHA)
Source of classification or shelving scheme
Koha item type Book
Holdings
Withdrawn status Lost status Source of classification or shelving scheme Damaged status Not for loan Permanent Location Current Location Date acquired Total Checkouts Full call number Barcode Date last seen Price effective from Koha item type
          School of Civil and Environmental Engineering (SCEE) School of Civil and Environmental Engineering (SCEE) 11/25/2019   620.001185 NIT-12434 11/25/2019 11/25/2019 Book
© 2023 Central Library, National University of Sciences and Technology. All Rights Reserved.